[Event "Peterborough 4NCL Easter U2000 op"]
[Site "Peterborough"]
[Date "2024.04.01"]
[Round "7"]
[White "Dos Santos Silva, Bruno Alexandre"]
[Black "Burton, Sean"]
[Result "1/2-1/2"]
[WhiteElo "1797"]
[BlackElo "1827"]
[PlyCount "137"]
[EventDate "2024.03.29"]
[EventType "swiss"]
[EventRounds "7"]
[EventCountry "ENG"]
[SourceTitle "CB14_2024"]
[SourceDate "2024.04.01"]
[SourceVersion "1"]
[SourceVersionDate "2024.04.01"]
[SourceQuality "1"]

1. d4 f5 2. Nc3 Nf6 3. Bg5 d5 4. e3 e6 5. Bd3 Be7 6. g4 Nxg4 7. Bxe7 Qxe7 8. h3 Nf6 9. Nf3 Nc6 10. Rg1 Bd7 11. Ne5 Nxe5 12. dxe5 Ne4 13. Qh5+ Qf7 14. Qxf7+ Kxf7 15. Ne2 Nc5 16. Rc1 Nxd3+ 17. cxd3 Rac8 18. b4 b6 19. d4 Bb5 20. Nf4 g6 21. h4 Bc4 22. a3 c5 23. bxc5 bxc5 24. Rb1 Ba6 25. Kd2 c4 26. Kc3 Rb8 27. f3 Rxb1 28. Rxb1 h6 29. Nh3 Rg8 30. Rb4 Rc8 31. e4 fxe4 32. fxe4 dxe4 33. Rb1 Rc7 34. Nf2 Bb7 35. Re1 g5 36. hxg5 hxg5 37. Nxe4 Bxe4 38. Rxe4 Kg6 39. Re1 g4 40. Rf1 Kg5 41. Rg1 Kf4 42. Rf1+ Ke3 43. Rg1 Kf3 44. Rf1+ Ke4 45. Rg1 Kd5 46. Rxg4 Rb7 47. a4 Rb3+ 48. Kc2 a5 49. Rg8 Kxd4 50. Rg4+ Kc5 51. Rg8 Re3 52. Ra8 Kb4 53. Rb8+ Kxa4 54. Rb6 Rxe5 55. Kc3 Re4 56. Rb1 e5 57. Rb2 Re1 58. Kxc4 Rc1+ 59. Kd5 Ka3 60. Rb5 a4 61. Kxe5 Ka2 62. Kd4 a3 63. Kd3 Rb1 64. Rc5 Kb2 65. Rb5+ Kc1 66. Rc5+ Kd1 67. Rh5 Rb3+ 68. Kc4 Re3 69. Rh4 1/2-1/2

[Event "Peterborough 4NCL Easter U2000 op"]
[Site "Peterborough"]
[Date "2024.04.01"]
[Round "6"]
[White "Sisupalan, Beni"]
[Black "Dos Santos Silva, Bruno Alexandre"]
[Result "1/2-1/2"]
[WhiteElo "1705"]
[BlackElo "1797"]
[PlyCount "53"]
[EventDate "2024.03.29"]
[EventType "swiss"]
[EventRounds "7"]
[EventCountry "ENG"]
[SourceTitle "CB14_2024"]
[SourceDate "2024.04.01"]
[SourceVersion "1"]
[SourceVersionDate "2024.04.01"]
[SourceQuality "1"]

1. e4 c5 2. Nf3 d6 3. d4 cxd4 4. Nxd4 Nf6 5. Nc3 g6 6. f3 Bg7 7. Be3 0-0 8. Qd2 Nc6 9. 0-0-0 d5 10. Bh6 Bxh6 11. Qxh6 Nxd4 12. Rxd4 Qb6 13. Nxd5 Nxd5 14. Rxd5 Be6 15. Rd3 Rac8 16. h4 Bxa2 17. c3 Qf2 18. Qd2 Qxd2+ 19. Rxd2 Rfd8 20. Be2 Rxd2 21. Kxd2 Bb3 22. Ra1 Rd8+ 23. Ke3 a6 24. Ra3 Be6 25. Ra4 Rd7 26. Rd4 Rc7 27. Bd3 1/2-1/2

[Event "Peterborough 4NCL Easter U2000 op"]
[Site "Peterborough"]
[Date "2024.03.31"]
[Round "5"]
[White "Dos Santos Silva, Bruno Alexandre"]
[Black "Sengupta, Sohana"]
[Result "1-0"]
[WhiteElo "1797"]
[BlackElo "1594"]
[PlyCount "65"]
[EventDate "2024.03.29"]
[EventType "swiss"]
[EventRounds "7"]
[EventCountry "ENG"]
[SourceTitle "CB14_2024"]
[SourceDate "2024.04.01"]
[SourceVersion "1"]
[SourceVersionDate "2024.04.01"]
[SourceQuality "1"]

1. d4 d5 2. Nc3 Nf6 3. Bf4 c5 4. e3 cxd4 5. exd4 Bg4 6. f3 Bd7 7. Qd2 e6 8. g4 Bb4 9. Bd3 Nc6 10. Nge2 Qb6 11. a3 Bxc3 12. Qxc3 0-0 13. Rb1 Rac8 14. Qd2 Nxd4 15. Nxd4 Qxd4 16. Bxh7+ Nxh7 17. Qxd4 Rfe8 18. 0-0 Rc4 19. Qd2 Bb5 20. Rfe1 Rec8 21. Rbc1 Nf6 22. Be5 Nd7 23. Bc3 Nb6 24. Qg5 d4 25. Bxd4 Rxd4 26. Qxb5 Rd2 27. Red1 Rxd1+ 28. Rxd1 g6 29. c4 Kg7 30. b3 Kg8 31. h4 Kg7 32. h5 Rc7 33. Qe5+ 1-0

[Event "Peterborough 4NCL Easter U2000 op"]
[Site "Peterborough"]
[Date "2024.03.31"]
[Round "4"]
[White "Spencer, Paul"]
[Black "Dos Santos Silva, Bruno Alexandre"]
[Result "0-1"]
[WhiteElo "1735"]
[BlackElo "1797"]
[PlyCount "64"]
[EventDate "2024.03.29"]
[EventType "swiss"]
[EventRounds "7"]
[EventCountry "ENG"]
[SourceTitle "CB14_2024"]
[SourceDate "2024.04.01"]
[SourceVersion "1"]
[SourceVersionDate "2024.04.01"]
[SourceQuality "1"]

1. d4 d5 2. c4 c6 3. Nc3 Nf6 4. Nf3 g6 5. Bf4 dxc4 6. e3 Be6 7. Ng5 Bd5 8. e4 h6 9. exd5 hxg5 10. Bxb8 Rxb8 11. dxc6 bxc6 12. Bxc4 Rxb2 13. 0-0 Qd6 14. g3 Rb4 15. Qd3 Qd7 16. f3 Bg7 17. Rab1 Rxb1 18. Rxb1 0-0 19. Rd1 e6 20. Na4 Rd8 21. Nc5 Qe7 22. Kg2 Nd7 23. Nxd7 Rxd7 24. Qe4 Rd6 25. Qe3 Qd8 26. Rb1 Bxd4 27. Qa3 Bb6 28. Re1 Rd2+ 29. Kh3 g4+ 30. fxg4 Qg5 31. Re2 Rd4 32. Bb3 Qxg4+ 0-1

[Event "Peterborough 4NCL Easter U2000 op"]
[Site "Peterborough"]
[Date "2024.03.30"]
[Round "2"]
[White "O'Gorman, Brendan"]
[Black "Dos Santos Silva, Bruno Alexandre"]
[Result "1/2-1/2"]
[WhiteElo "1716"]
[BlackElo "1797"]
[PlyCount "65"]
[EventDate "2024.03.29"]
[EventType "swiss"]
[EventRounds "7"]
[EventCountry "ENG"]
[SourceTitle "CB14_2024"]
[SourceDate "2024.04.01"]
[SourceVersion "1"]
[SourceVersionDate "2024.04.01"]
[SourceQuality "1"]

1. e4 c5 2. Ne2 d6 3. c4 Nf6 4. Nbc3 Nc6 5. d4 cxd4 6. Nxd4 e6 7. Be2 Be7 8. 0-0 0-0 9. Be3 a6 10. Qd2 d5 11. cxd5 exd5 12. exd5 Nxd5 13. Nxd5 Qxd5 14. Bf3 Qd7 15. Nxc6 bxc6 16. Qxd7 Bxd7 17. Rac1 Rac8 18. Rfd1 Be6 19. b3 c5 20. Bb7 Rc7 21. Bxa6 Ra7 22. Bc4 Bxc4 23. Rxc4 Rxa2 24. Bxc5 Bxc5 25. Rxc5 Rb2 26. Rc3 h5 27. h4 Rb8 28. Rdd3 Re8 29. Rf3 Re7 30. Rc8+ Kh7 31. Rb8 f6 32. b4 Re4 33. g3 1/2-1/2

[Event "Daventry 4NCL Easter op-B 3rd"]
[Site "Daventry"]
[Date "2023.04.09"]
[Round "4"]
[White "Han, Qixuan"]
[Black "Dos Santos Silva, Bruno Alexandre"]
[Result "1-0"]
[WhiteElo "1330"]
[BlackElo "1631"]
[PlyCount "107"]
[EventDate "2023.04.07"]
[EventType "swiss"]
[EventRounds "7"]
[EventCountry "ENG"]
[SourceTitle "EXT 2024"]
[Source "ChessBase"]
[SourceDate "2023.10.10"]
[SourceVersion "1"]
[SourceVersionDate "2023.10.10"]
[SourceQuality "1"]

1. b3 f5 2. Bb2 Nf6 3. Nf3 e6 4. g3 b6 5. Bg2 Bb7 6. 0-0 g6 7. d3 Bg7 8. c4 0-0 9. Nbd2 Qe7 10. Rc1 c5 11. e3 Na6 12. a3 d6 13. d4 Ne4 14. Qe2 Nxd2 15. Nxd2 Bxg2 16. Kxg2 e5 17. dxe5 dxe5 18. e4 f4 19. Qg4 Nc7 20. Nf3 Rad8 21. Rcd1 Bf6 22. Bc1 Ne6 23. gxf4 Nxf4+ 24. Bxf4 exf4 25. Qxf4 Bd4 26. Qh4 Qxh4 27. Nxh4 Rf4 28. Kg3 Rxe4 29. Nf3 Re2 30. Rde1 Rde8 31. Rxe2 Rxe2 32. Nxd4 cxd4 33. Rd1 Re4 34. Rd3 Kf7 35. f3 Re7 36. Rxd4 Re3 37. Rd7+ Kg8 38. Rxa7 Rxb3 39. Rb7 Rxa3 40. Rxb6 Rc3 41. Rc6 Kg7 42. Kg4 h6 43. h4 Rc1 44. c5 Rg1+ 45. Kh3 Rh1+ 46. Kg3 Rg1+ 47. Kh2 Rc1 48. Rc8 Rc4 49. Kg3 g5 50. hxg5 hxg5 51. c6 Kf7 52. c7 Kg7 53. Kh3 Kf7 54. Rh8 1-0

[Event "Daventry 4NCL Easter op-B 3rd"]
[Site "Daventry"]
[Date "2023.04.08"]
[Round "2"]
[White "Dos Santos Silva, Bruno Alexandre"]
[Black "Neatherway, A Philip"]
[Result "1/2-1/2"]
[WhiteElo "1631"]
[BlackElo "1797"]
[PlyCount "96"]
[EventDate "2023.04.07"]
[EventType "swiss"]
[EventRounds "7"]
[EventCountry "ENG"]
[SourceTitle "EXT 2024"]
[Source "ChessBase"]
[SourceDate "2023.10.10"]
[SourceVersion "1"]
[SourceVersionDate "2023.10.10"]
[SourceQuality "1"]

1. d4 Nf6 2. Bg5 Ne4 3. Bf4 c5 4. f3 Nf6 5. d5 d6 6. Nc3 g6 7. Qd2 Bg7 8. e4 a6 9. h4 h5 10. e5 dxe5 11. Bxe5 Nbd7 12. Bf4 Nb6 13. 0-0-0 0-0 14. Nh3 Bxh3 15. Rxh3 Nc8 16. Bh6 Nd6 17. Bxg7 Kxg7 18. Be2 Rh8 19. g4 Qd7 20. Qf4 Rad8 21. Rh2 b5 22. Qe5 Kg8 23. g5 Nfe8 24. Ne4 Nxe4 25. fxe4 Qd6 26. Qxd6 exd6 27. Rf2 Kg7 28. Rdf1 Rf8 29. a4 Rb8 30. axb5 axb5 31. Kd2 b4 32. Ra1 Rb7 33. Ra6 f6 34. Bf1 fxg5 35. Rxf8 Kxf8 36. hxg5 Rf7 37. Bb5 Nc7 38. Rb6 Nxb5 39. Rxb5 Rf2+ 40. Kd3 Rg2 41. Rb6 Ke7 42. e5 dxe5 43. Rxg6 Rg4 44. Re6+ Kd7 45. Rxe5 Kd6 46. Rf5 h4 47. g6 Rxg6 48. Rh5 Rg4 1/2-1/2

[Event "BCF-chT4 2223 (4NCL)"]
[Site "England"]
[Date "2023.03.26"]
[Round "8.24"]
[White "Dos Santos Silva, Bruno Alexandre"]
[Black "Fuller, David Michael"]
[Result "1/2-1/2"]
[WhiteElo "1772"]
[BlackElo "1980"]
[PlyCount "90"]
[EventDate "2022.11.05"]
[EventType "team-swiss"]
[EventRounds "11"]
[EventCountry "ENG"]
[SourceTitle "EXT 2024"]
[Source "ChessBase"]
[SourceDate "2023.10.10"]
[SourceVersion "1"]
[SourceVersionDate "2023.10.10"]
[SourceQuality "1"]
[WhiteTeam "MASCeteers"]
[BlackTeam "Poole Patzers"]
[WhiteTeamCountry "ENG"]
[BlackTeamCountry "ENG"]

1. d4 e6 2. Nc3 d5 3. Bf4 a6 4. e3 Nf6 5. g4 b6 6. g5 Ne4 7. Nxe4 dxe4 8. Bg2 Bb7 9. Ne2 Bb4+ 10. c3 Bd6 11. Bxd6 cxd6 12. h4 Nd7 13. Ng3 d5 14. Rc1 b5 15. Qg4 Qe7 16. Qf4 Rc8 17. Qg4 Rc7 18. Nh5 f5 19. Qg3 Rc8 20. g6 h6 21. 0-0 0-0 22. Nf4 a5 23. h5 Rc6 24. f3 Nf6 25. fxe4 dxe4 26. Rfd1 Nd5 27. Bf1 Rb6 28. b3 Qg5 29. Qxg5 hxg5 30. Nxd5 exd5 31. c4 bxc4 32. bxc4 f4 33. c5 Rb4 34. exf4 gxf4 35. Bh3 Bc8 36. Bxc8 Rxc8 37. c6 Rb6 38. c7 Rb7 39. Rc5 Rbxc7 40. Rxd5 Ra7 41. Re5 e3 42. Rf1 Rf8 43. Re4 Rd7 44. Rexf4 Re8 45. Re1 Rd5 1/2-1/2

[Event "BCF-chT4 2223 (4NCL)"]
[Site "England"]
[Date "2023.02.04"]
[Round "5.55"]
[White "Twisk, Sebastian"]
[Black "Dos Santos Silva, Bruno Alexandre"]
[Result "1/2-1/2"]
[WhiteElo "1500"]
[BlackElo "1772"]
[PlyCount "113"]
[EventDate "2022.11.05"]
[EventType "team-swiss"]
[EventRounds "11"]
[EventCountry "ENG"]
[SourceTitle "EXT 2024"]
[Source "ChessBase"]
[SourceDate "2023.10.10"]
[SourceVersion "1"]
[SourceVersionDate "2023.10.10"]
[SourceQuality "1"]
[WhiteTeam "Guildford Young Guns"]
[BlackTeam "MASCeteers"]
[WhiteTeamCountry "ENG"]
[BlackTeamCountry "ENG"]

1. e4 c5 2. c3 d5 3. exd5 Qxd5 4. Nf3 g6 5. Na3 Bg7 6. Bc4 Qe4+ 7. Qe2 Qxe2+ 8. Bxe2 a6 9. Nc4 Nd7 10. a4 Nh6 11. d3 0-0 12. Ra3 Re8 13. 0-0 Rb8 14. a5 Nf5 15. Bd1 Nd6 16. Nxd6 exd6 17. Bf4 Ne5 18. Nxe5 Bxe5 19. Re1 Bf5 20. Ba4 Re7 21. d4 Bf6 22. Rxe7 Bxe7 23. dxc5 Rd8 24. c6 bxc6 25. Bxc6 d5 26. Rb3 d4 27. Rb8 dxc3 28. bxc3 Be6 29. Bf3 Bc4 30. Rb1 Bf6 31. Rb8 Rxb8 32. Bxb8 Bd8 33. Bd6 Bxa5 34. Bb4 Bc7 35. g3 a5 36. Ba3 Be5 37. Bb2 Kf8 38. Bc6 Ke7 39. f4 Bd6 40. Kf2 Bc5+ 41. Kf3 Kd6 42. Ba4 h5 43. g4 hxg4+ 44. Kxg4 Ke6 45. h4 Be7 46. Ba1 Ba3 47. Bc2 Bc1 48. f5+ Kf6 49. fxg6 fxg6 50. Bd1 Bh6 51. Bb2 Bg7 52. Ba1 Be6+ 53. Kg3 Kf7 54. h5 Be5+ 55. Kf2 gxh5 56. Bxh5+ Ke7 57. Bb2 1/2-1/2

[Event "Harrogate 4NCL op-B 29th"]
[Site "Harrogate"]
[Date "2023.01.22"]
[Round "4"]
[White "Dos Santos Silva, Bruno Alexandre"]
[Black "De Sousa Muachikape, Jael J"]
[Result "0-1"]
[WhiteElo "1711"]
[BlackElo "1913"]
[PlyCount "64"]
[EventDate "2023.01.20"]
[EventType "swiss"]
[EventRounds "5"]
[EventCountry "ENG"]
[SourceTitle "CBM 212 Extra"]
[Source "ChessBase"]
[SourceDate "2023.03.31"]
[SourceVersion "1"]
[SourceVersionDate "2023.03.31"]
[SourceQuality "1"]

1. d4 d5 2. Nc3 Nf6 3. Bf4 e6 4. Nb5 Na6 5. e3 c6 6. Nc3 Nc7 7. g4 Bb4 8. f3 Nb5 9. Bxb5 cxb5 10. Nge2 a6 11. a3 Ba5 12. h4 h5 13. g5 Ng8 14. Qd3 Ne7 15. Be5 Kf8 16. Bg3 Bc7 17. Bxc7 Qxc7 18. Nf4 g6 19. Qd2 Kg7 20. e4 Rd8 21. exd5 Nxd5 22. Ncxd5 exd5 23. 0-0-0 Bf5 24. Nd3 Rac8 25. Rh2 Bxd3 26. Qxd3 Qxh2 27. c3 Re8 28. Rd2 Qxh4 29. Re2 Qxg5+ 30. Kd1 Rxe2 31. Qxe2 Rc7 32. f4 Qg4 0-1

[Event "Leamington Spa 4NCL op-C 28th"]
[Site "Leamington Spa"]
[Date "2022.07.08"]
[Round "1"]
[White "McWilliams, Mark D"]
[Black "Dos Santos Silva, Bruno Alexandre"]
[Result "0-1"]
[WhiteElo "1494"]
[BlackElo "1679"]
[PlyCount "54"]
[EventDate "2022.07.08"]
[EventType "swiss"]
[EventRounds "5"]
[EventCountry "ENG"]
[SourceTitle "CBM 209 Extra"]
[Source "ChessBase"]
[SourceDate "2022.09.30"]
[SourceVersion "1"]
[SourceVersionDate "2022.09.30"]
[SourceQuality "1"]

1. e4 c5 2. Nf3 d6 3. d4 cxd4 4. Nxd4 Nf6 5. Nc3 g6 6. Be2 Bg7 7. Be3 0-0 8. f4 Nc6 9. Bf3 Bd7 10. Qd2 Nxd4 11. Bxd4 Bc6 12. 0-0-0 Qa5 13. g4 b5 14. g5 b4 15. gxf6 bxc3 16. Bxc3 Qxa2 17. Qg2 Bxf6 18. Bxf6 exf6 19. c3 Ba4 20. Rd5 Qa1+ 21. Kd2 Qxb2+ 22. Ke3 Qxc3+ 23. Kf2 Rab8 24. Qg4 Rb2+ 25. Kg3 Qc2 26. f5 Qf2+ 27. Kh3 Rb3 0-1

[Event "Daventry 4NCL Easter op-C 2nd"]
[Site "Daventry"]
[Date "2022.04.16"]
[Round "2"]
[White "Dos Santos Silva, Bruno Alexandre"]
[Black "Cotterell, David M"]
[Result "1/2-1/2"]
[WhiteElo "1647"]
[BlackElo "1541"]
[PlyCount "114"]
[EventDate "2022.04.15"]
[EventType "swiss"]
[EventRounds "7"]
[EventCountry "ENG"]
[SourceTitle "CBM 207 Extra"]
[Source "ChessBase"]
[SourceDate "2022.05.31"]
[SourceVersion "1"]
[SourceVersionDate "2022.05.31"]
[SourceQuality "1"]

1. d4 d5 2. Nc3 e6 3. Bf4 Bd6 4. e3 Bxf4 5. exf4 Nc6 6. Nf3 Bd7 7. Ne5 Nxe5 8. fxe5 Ne7 9. Qg4 g6 10. 0-0-0 Nf5 11. h4 h5 12. Qf4 Qe7 13. g3 0-0-0 14. Qd2 a6 15. Nb1 f6 16. Qa5 Bc6 17. Nc3 fxe5 18. dxe5 d4 19. Na4 Bxh1 20. Nc5 Rd5 21. b4 Rxc5 22. bxc5 Bc6 23. Rd3 Bb5 24. Rd1 Bxf1 25. Rxf1 Qd7 26. Rd1 Qc6 27. Rd3 Rd8 28. Qd2 Qxc5 29. Qg5 Qxe5 30. Qxg6 Ne7 31. Qf7 Nc6 32. a3 b6 33. Qf3 Qd5 34. Qe2 Qe5 35. Qf3 Qf5 36. Qxc6 Qd5 37. Qa4 a5 38. c3 Qe4 39. Qd1 e5 40. cxd4 Rxd4 41. Rxd4 Qxd4 42. Qxh5 e4 43. Qf5+ Kb7 44. h5 e3 45. Qf3+ Ka7 46. Qxe3 Qa1+ 47. Kd2 Qb2+ 48. Kd1 Qb1+ 49. Qc1 Qd3+ 50. Ke1 Qe4+ 51. Kd1 Qf3+ 52. Ke1 Qe4+ 53. Kd2 Qd5+ 54. Ke3 Qg5+ 55. f4 Qxg3+ 56. Ke4 Qg2+ 57. Kf5 Qd5+ 1/2-1/2